Apple Music「2010年代邦楽ベスト」曲名→アーティスト - Statistics

General Stats
  • This quiz has been taken 126 times
  • The average score is 41 of 102
Answer Stats
Hint Answer % Correct
Lemon | 打上花火 米津玄師
99%
ヘビーローテーション | 恋するフォーチュンクッキー AKB48
97%
星野源
90%
DADA(dadadada Ver.) | 前前前世 RADWIMPS
89%
トリセツ 西野カナ
86%
紅蓮華 LiSA
85%
Pretender Official髭男dism
85%
インフルエンサー | シンクロニシティ 乃木坂46
82%
家族になろうよ 福山雅治
80%
Dragon Night SEKAI NO OWARI
80%
ひまわりの約束 秦基博
79%
青と夏 Mrs. Green Apple
79%
U.S.A. DA PUMP
78%
Rising Sun EXILE
77%
サイレントマジョリティー 欅坂46
76%
白日 KING GNU
76%
あったかいんだからぁ♪ クマムシ
75%
風が吹いている いきものがかり
75%
ハピネス AI
75%
雨のち晴レルヤ ゆず
74%
ペンパイナッポーアッポーペン(PPAP) ピコ太郎
71%
タマシイレボリューション(2023 Rematered Version) Superfly
71%
パプリカ Foorin
70%
私以外私じゃないの ゲスの極み乙女
69%
行くぜっ!怪盗少女 ももいろクローバー
68%
クリスマスソング back number
67%
R.Y.U.S.E.I. 三代目 J Soul Brothers from EXILE TRIBE
67%
レット・イット・ゴー~ありのままで~(日本語歌) 松たか子
65%
海の声 浦島太郎(桐谷健太)
65%
ワタリドリ [Alexandros]
65%
打上花火 DAOKO
58%
愛を伝えたいだとか あいみょん
57%
NIPPON 椎名林檎
54%
BRAVE | Bittersweet
52%
花束を君に 宇多田ヒカル
52%
恋音と雨空 AAA
52%
Wherever you are ONE OK ROCK
52%
明日も SHISHAMO
49%
PONPONPON きゃりーぱみゅぱみゅ
48%
キュン 日向坂46
46%
優しいあの子 スピッツ
43%
夜の踊り子 サカナクション
41%
オー!リバル ポルノグラフィティ
41%
世界はあなたに笑いかけている Little Glee Monster
40%
365日 Mr.Children
38%
Follow Me E-girls
34%
ずっと好きだった 斉藤和義
33%
EXCITE 三浦大知
30%
ねぇ Perfume
30%
STAY TUNE Suchmos
30%
トイレの神様 植村花奈
29%
あなたに恋をしてみました chay
29%
ようかい体操第一 Dream5
27%
この夜を止めてよ JUJU
23%
フィクション sumika
23%
いとしき日々よ Album Mix 平井堅
22%
イジメ、ダメ、ゼッタイ BABYMETAL
22%
女の子は誰でも 東京事変
21%
見たこともない景色 菅田将暉
19%
記念撮影 BUMP OF CHICKEN
19%
Soup 藤原さくら
15%
バンザイ Venus SKE48
14%
ベイビー・アイラブユー TEE
14%
アゲイン WANIMA
14%
ODD FUTURE UVERworld
12%
SLY RIP SLYME
11%
Preserved Rose 水樹奈々
10%
我ら思う、故に我ら在り 氣志團
10%
Preserved Rose T.M.Revolution
10%
Revival スキマスイッチ
9%
Faith miwa
9%
FOREVER LOVE 清水翔太
8%
さぁ鐘を鳴らせ DREAMS COME TRUE
8%
幸せをフォーエバー MISIA
8%
マル・マル・モリ・モリ!(フルサイズ) 薫と友樹、たまにムック。
7%
Sunshine Girl moumoon
7%
ようこそジャパリパークへ どうぶつビスケッツ×PPP
7%
100万回の「I love you」 Rake
7%
ラブサーチライト 柴咲コウ
5%
会いたいよ 手塚翔太
5%
Over “Quartzer” Shuta Sueyoshi feat. ISSA
5%
ずっと feat.HAN-KUN & TEE SPICY CHOCOLATE
5%
Gift~あなたはマドンナ~ 土岐麻子
4%
リメンバー・ミー feat.東京スカパラダイスオーケストラ シシド・カフカ
4%
Do Well SIRUP
4%
ディスコの神様 feat.藤井隆 tofubeats
4%
若者たち 森山直太朗
3%
HOLIDAYS 木村カエラ
2%
FOREVER LOVE 加藤ミリヤ
2%
Be The One PANDORA feat. Beverly
2%
雨上がりのステップ 新しい地図
1%
流星とバラード 東京スカパラダイスオーケストラ
1%
何かひとつ feat. JAY'ED & 若旦那 JAMOSA
1%
We Are Never Ever Getting Back Together【カバー】 MACO
1%
HELTER SKELTER(album ver) BOOM BOOM SATELLITES
0%
Neon Sign Stomp EGO-WRAPPIN'
0%
Endless Road fumika
0%
No matching quizzes found
Score Distribution
Percent of People with Each Score
Percentile by Number Answered
Your Score History
You have not taken this quiz